000 00666nam a22002057a 4500
003 OSt
005 20260128092944.0
008 210829b ||||| |||| 00| 0 eng d
040 _cOSt
041 _ashan
082 _a294.382325
245 _aၸႃႇတၵလိူၵ်ႈထွၼ်
260 _aတႃႈၵုင်ႈ
_bၵတ်း
_c2009
300 _a(ၵ)၊ 244 ၼႃႈ
_c23 ၸိၼ်ႇထီႇ
500 _a S-SAT: Dr. Prof Sai Aung Tun
650 _aၸႃႇတၵ
_920664
710 _aၸဝ်ႈဝိၸိတ်ႉတသႃႇရ (ၵုတ်ႉၶၢႆ) ပိၼ်ႇတႅမ်ႈ-
_965810
942 _cBK
942 _2ddc
999 _c6331
_d6331